| 000 | 00705nam a22002297a 4500 | ||
|---|---|---|---|
| 003 | UA-OsUOA | ||
| 001 | 62991 | ||
| 007 | ta | ||
| 008 | 20090915b un ||||| |||| 00| 0 ukr d | ||
| 100 | _aЗозульов О. | ||
| 700 | _aМикало О. | ||
| 090 |
_a330 _bЗ-78 |
||
| 942 | _cSA | ||
| 040 |
_aUA-OsUOA _bukr _cUA-OsUOA _dUA-OsUOA |
||
| 245 | _aАутсоринг як інструмент підвищення конкурентоспроможності вітчизняних підприємств в умовах глобалізації | ||
| 300 | _aС.16-25 | ||
| 955 | _a0 | ||
| 041 | _aukr | ||
| 080 | _a330 | ||
| 773 | 0 | _w62988 | |
| 650 | 7 |
_a330 Економіка взагалі _2UDC |
|
| 999 |
_c349083 _d349083 |
||